Webb society deep-sky observer's handbook (Record no. 9074)

MARC details
000 -LEADER
fixed length control field 00692nam a2200205Ia 4500
003 - CONTROL NUMBER IDENTIFIER
control field IN-BaIIA
008 - FIXED-LENGTH DATA ELEMENTS--GENERAL INFORMATION
fixed length control field 211028s9999 xx 000 0 eng d
020 ## - INTERNATIONAL STANDARD BOOK NUMBER
International Standard Book Number 0-89490-028-5
040 ## - CATALOGING SOURCE
Transcribing agency IIA Library
080 ## - UNIVERSAL DECIMAL CLASSIFICATION NUMBER
Universal Decimal Classification number 524.3(035)
Item number JON-2
245 #0 - TITLE STATEMENT
Title Webb society deep-sky observer's handbook
Remainder of title vol. 2, planetary and gaseous nebulae
Statement of responsibility, etc. edited by K.G. Jones
260 ## - PUBLICATION, DISTRIBUTION, ETC.
Place of publication, distribution, etc. New Jersey
Name of publisher, distributor, etc. Enslow Publishers
Date of publication, distribution, etc. 1979
300 ## - PHYSICAL DESCRIPTION
Extent x, 149p.
650 ## - SUBJECT ADDED ENTRY--TOPICAL TERM
Topical term or geographic name entry element Astronomy and Astrophysics Thesaurus
650 ## - SUBJECT ADDED ENTRY--TOPICAL TERM
Topical term or geographic name entry element Binary Stars
9 (RLIN) 1185
650 ## - SUBJECT ADDED ENTRY--TOPICAL TERM
Topical term or geographic name entry element Gaseous Nebulae
9 (RLIN) 2296
650 ## - SUBJECT ADDED ENTRY--TOPICAL TERM
Topical term or geographic name entry element Planetary Nebulae
9 (RLIN) 5510
700 ## - ADDED ENTRY--PERSONAL NAME
Personal name Jones, Kenneth Glyn, ed.
9 (RLIN) 12455
942 ## - ADDED ENTRY ELEMENTS (KOHA)
Koha item type Books
Holdings
Withdrawn status Lost status Damaged status Not for loan Home library Current library Shelving location Date acquired Total Checkouts Full call number Barcode Date last seen Price effective from Koha item type
        IIA Library-Bangalore IIA Library-Bangalore General Stacks 23/07/1987   524.3(035)/ JON-2 9971 05/11/2021 23/07/1987 Books

Powered by Koha